<?xml version="1.0" encoding="UTF-8"?>
<record
    xmlns:xsi="http://www.w3.org/2001/XMLSchema-instance"
    xsi:schemaLocation="http://www.loc.gov/MARC21/slim http://www.loc.gov/standards/marcxml/schema/MARC21slim.xsd"
    xmlns="http://www.loc.gov/MARC21/slim">

  <leader>01612    a2200229   4500</leader>
  <controlfield tag="001">41057</controlfield>
  <controlfield tag="005">20260407155704.0</controlfield>
  <controlfield tag="008">260407a2003    arg                 spa d</controlfield>
  <controlfield tag="003">AR-UNSa-BCEJYS</controlfield>
  <datafield tag="040" ind1=" " ind2=" ">
    <subfield code="a">AR-UNSa-BCEJYS</subfield>
    <subfield code="b">spa</subfield>
    <subfield code="c">AR-UNSa-BCEJYS</subfield>
  </datafield>
  <datafield tag="080" ind1=" " ind2=" ">
    <subfield code="a">347.72</subfield>
    <subfield code="x">Sociedades comerciales</subfield>
  </datafield>
  <datafield tag="245" ind1="1" ind2="0">
    <subfield code="a">Responsabilidad patrimonial solidaria de directores, administradores, s&#xED;ndicos y socios en las leyes de sociedades y concursos</subfield>
  </datafield>
  <datafield tag="020" ind1=" " ind2=" ">
    <subfield code="a">950-894-389-0</subfield>
  </datafield>
  <datafield tag="264" ind1=" " ind2="1">
    <subfield code="a">Buenos Aires :</subfield>
    <subfield code="b">AD-HOC</subfield>
    <subfield code="c">2003</subfield>
  </datafield>
  <datafield tag="300" ind1=" " ind2=" ">
    <subfield code="a">144 p.</subfield>
    <subfield code="c">23 cm.</subfield>
  </datafield>
  <datafield tag="505" ind1=" " ind2=" ">
    <subfield code="a">1. Citas legales y doctrinarias - 2. La teor&#xED;a de la penetraci&#xF3;n en sede judicial - 3. Aplicaci&#xF3;n de normas de derecho civil - 4. Legitimaci&#xF3;n activa y pasiva - 5. Regla central: lealtad y diligencia - 6. Obligaci&#xF3;n de conservar el activo - 7. Conductas varias que fueron juzgadas - 8. Responsabilidad de los s&#xED;ndicos - 9. Situaciones especiales - 10. Jurisprudencia penal - 11. Extensi&#xF3;n de la quiebra - 12. Armonizaci&#xF3;n de las normas societarias y concursales sobre acciones de responsabilidad - 13. Acciones de responsabilidad de entidades financieras en liquidaci&#xF3;n. El banco central y los derechos humanos - 14. La sociedad de un solo socio (legal o virtual) y la legitimaci&#xF3;n de responsabilidad. Sociedad extranjera de un solo socio - 15. Cuesti&#xF3;n te&#xF3;rica: la limitaci&#xF3;n de responsabilidad del comerciante individual</subfield>
  </datafield>
  <datafield tag="041" ind1=" " ind2=" ">
    <subfield code="a">spa</subfield>
  </datafield>
  <datafield tag="942" ind1=" " ind2=" ">
    <subfield code="c">BK</subfield>
  </datafield>
  <datafield tag="590" ind1=" " ind2=" ">
    <subfield code="a">niveau_biblio:m niveau_hierar:0</subfield>
  </datafield>
  <datafield tag="100" ind1="1" ind2=" ">
    <subfield code="a">Highton, Federico R.</subfield>
  </datafield>
  <datafield tag="856" ind1="4" ind2="1">
    <subfield code="u">https://biblioeco.unsa.edu.ar/pmb/images/libros/L126350.jpg</subfield>
    <subfield code="y">Imagen de portada</subfield>
    <subfield code="q">image/jpeg</subfield>
  </datafield>
  <datafield tag="999" ind1=" " ind2=" ">
    <subfield code="c">3347</subfield>
    <subfield code="d">3347</subfield>
  </datafield>
  <datafield tag="952" ind1=" " ind2=" ">
    <subfield code="0">0</subfield>
    <subfield code="1">0</subfield>
    <subfield code="4">0</subfield>
    <subfield code="7">0</subfield>
    <subfield code="a">BCEJYS</subfield>
    <subfield code="b">BCEJYS</subfield>
    <subfield code="c">16</subfield>
    <subfield code="d">2026-04-07</subfield>
    <subfield code="l">0</subfield>
    <subfield code="o">347.72 H638</subfield>
    <subfield code="p">L126350</subfield>
    <subfield code="r">2026-04-07 15:57:04</subfield>
    <subfield code="w">2026-04-07</subfield>
    <subfield code="y">L</subfield>
  </datafield>
</record>
